000 00725nam a2200229Ia 4500
001 15080
003 GE_BSU
008 181216s||||||||xx |||||||||||||| ||und||
020 _a5759803174
040 _cGE_BSU
080 _a330.4
100 _aВласова,М.Л.
245 _aСоциологические методы в маркетинговых исследованиях
245 _cРед.О.В.Осипова
260 _aМосква
260 _bИзд.дом Гу ВШЭ
260 _c2006
300 _a710стр.22см.
653 _aСоциологические методы в маркетинговых исследованиях
653 _aმარკეტინგი
942 _cBK
999 _c48198
_d48198